• 首页
  • 本馆介绍
  • 公告通知
  • 最新文献
  • 馆藏检索
  • 电子资源
  • 读者导购
  • 参考咨询
  • 我的图书馆
  • 登录
  • 详细信息显示
  • 放入我的书架
  • 预约/预借图书
  • 作者相关作品
  • 分类相关作品
  • 丛书相关作品
  • 出版社相关作品

书目信息

  • 表格格式
  • 工作单格式
  • 卡片格式
题名:
时频分析与小波变换
    
 
作者: 唐向宏 , 李齐良 著
分册:  
出版信息: 北京   科学出版社  2016.3
页数: 387页
开本: 24cm
丛书名:
单 册:
中图分类: TN911.6 , O241.86
科图分类:
主题词: 时间--频谱分析 , 调和分析
电子资源:
ISBN: 978-7-03-047542-8
000 00983nam0 2200277 450
001 0400004819
005 20171026152117.15
010    @a978-7-03-047542-8@dCNY150.00
100    @a20160402d2016 em y0chiy0110 ea
101 0  @achi
102    @aCN@b110000
105    @aa z 000yy
106    @ar
200 1  @a时频分析与小波变换@9shi pin fen xi yu xiao bo bian huan@b专著@f唐向宏,李齐良著
205    @a第2版
210    @a北京@c科学出版社@d2016.3
215    @a387页@c图@d24cm
330    @a本书全面系统地介绍时频分析的基本理论、基本方法及应用。全书共10章,内容包括小波变换与时频分析、离散小波变换与多分辨分析、尺度函数与小波的构造方法、小波包变换、二维小波变换、多带小波变换、多小波变换等内容。
606 0  @a时间@x频谱分析
606 0  @a调和分析
690    @aTN911.6@v5
690    @aO241.86@v5
701  0 @a唐向宏@9tang xiang hong@f(1962.12-)@4著
701  0 @a李齐良@9li qi liang@f(1965.2-)@4著
801  0 @aCN@b91MARC@c20171025
905    @b1039495-8@dTN911.6@f4@e232=2
    
    时频分析与小波变换/唐向宏,李齐良著.-第2版.-北京:科学出版社,2016.3
    387页:图;24cm
    
    
    ISBN 978-7-03-047542-8:CNY150.00
    本书全面系统地介绍时频分析的基本理论、基本方法及应用。全书共10章,内容包括小波变换与时频分析、离散小波变换与多分辨分析、尺度函数与小波的构造方法、小波包变换、二维小波变换、多带小波变换、多小波变换等内容。
●
相关链接 在E读中查询图书 在五车中查询图书 在当当中查询图书 在豆瓣中查询图书


正题名:时频分析与小波变换     索取号:TN911.6/232=2         预约/预借

序号 登录号 条形码 馆藏地/架位号 状态 备注
1 1039495   210394955   第二样本阅览室/ [索取号:TN911.6/232=2] 在馆    
2 1039496   210394964   第三借阅区/ [索取号:TN911.6/232=2] 在馆    
3 1039497   210394973   第三借阅区/ [索取号:TN911.6/232=2] 在馆    
4 1039498   210394982   密集书库-物理学院/ [索取号:TN911.6/232=2] 在馆    
唐山师范学院图书馆 欢迎您!
大连网信软件有限公司© 版权所有